Statystyki dla Kartkówka z Niemieckiego

Kliknij tutaj aby rozwiązać quiz!

Ogólne statystyki

  • Ten quiz został rozwiązany 6 razy
  • Średni wynik to 4 z 21

Statystyki odpowiedzi

polskiniemiecki% Poprawnych
zdrowygesund
100%
schudnąćabnehmen
67%
kaszelder Husten
50%
ciałoder Körper
50%
przytyćzunehmen
50%
katarder Schnupfen
33%
ruszać sięsich bewegen
33%
czuć sięsich fühlen
33%
odżywiać sięsich ernähren
17%
danie gotowedas Fertiggericht
0%
nadwagadas Übergewicht
0%
cukrzycader Diabetes
0%
styl życiader Lebenstill
0%
dolegliwośćdie Beschwerde
0%
zdrowiedie Gesundheite
0%
chorobadie Krankheite
0%
słodyczecukierek
0%
gorączkagorączka
0%
warzywawarzywo
0%
rezygnowaćverzichten
0%
przyżądzaćzubereiten
0%

Rozkład punktacji

Percentyl według liczby udzielonych odpowiedzi

Procent ludzi z każdym wynikiem

Twoja historia wyników

Nie rozwiązałeś tego quizu